Evidence-Based Coronary Care Management / (Record no. 7284)

MARC details
000 -LEADER
fixed length control field 00568pam a2200205 a 4500
020 ## - INTERNATIONAL STANDARD BOOK NUMBER
Terms of availability 1016.00
040 ## - CATALOGING SOURCE
Original cataloging agency Medical College Libr
041 ## - LANGUAGE CODE
Language code of text/sound track or separate title ENG
Language code of original ENG
082 ## - DEWEY DECIMAL CLASSIFICATION NUMBER
Classification number 616.123
Item number CON
100 ## - MAIN ENTRY--PERSONAL NAME
Personal name connaughton, Mark.
245 ## - TITLE STATEMENT
Title Evidence-Based Coronary Care Management /
Statement of responsibility, etc.
Medium Textual Documents
260 ## - PUBLICATION, DISTRIBUTION, ETC.
Place of publication, distribution, etc. New York :
Name of publisher, distributor, etc. Churchill Livingstone ,
Date of publication, distribution, etc. 2001.
300 ## - PHYSICAL DESCRIPTION
Extent 528 ;
Dimensions
365 ## - TRADE PRICE
Price type code 1016.00
653 ## - INDEX TERM--UNCONTROLLED
Uncontrolled term Cardiology
-- Medicine
-- Medical Science
907 ## - LOCAL DATA ELEMENT G, LDG (RLIN)
a 11125
930 ## - EQUIVALENCE OR CROSS-REFERENCE-UNIFORM TITLE HEADING [LOCAL, CANADA]
Uniform title 7285
Holdings
Withdrawn status Lost status Damaged status Not for loan Home library Current library Date acquired Cost, normal purchase price Total Checkouts Full call number Barcode Date last seen Copy number Price effective from Koha item type
        Medical College, Pune Medical College, Pune 01/01/1900 1016.00   616.123 CON MCP-11125 06/02/2023 2 06/02/2023 Book
        Medical College, Pune Medical College, Pune 01/01/1900 1016.00   616.123 CON MCP-11124 06/02/2023 1 06/02/2023 Book